| 000 | 01054nam0a22002891 4500 | ||
|---|---|---|---|
| 001 | rc\3212700 | ||
| 005 | 20250530103015.0 | ||
| 021 |
_aRU _b76-38491 |
||
| 021 |
_aRU _bРг8287-76 |
||
| 035 | _a(NLR Aleph) 007359960 | ||
| 090 |
_a6297657 _c6297657 |
||
| 100 | _a20130115d1976 |||y0rusy50 ca | ||
| 101 | 0 | _arus | |
| 102 | _aRU | ||
| 105 | _ay z ||||| | ||
| 200 | 1 |
_aПромышленные и производственные объединения Узбекской ССР _e(В помощь лектору) _fО-во "Знание" УзССР |
|
| 210 |
_aТашкент _cБ. и. _d1976 |
||
| 215 |
_a[1], 26 с. _d20 |
||
| 320 | _aБиблиогр.: с. 26 | ||
| 532 | 1 | 2 | _aПромышленные и производственные объединения Узбекской Советской Социалистической Республики |
| 700 | 1 |
_aУмаров _bШ.У. |
|
| 701 | 1 |
_aПерейма _bГ.П. |
|
| 801 | 0 |
_aRU _bNLR _gpsbo |
|
| 801 | 1 |
_aRU _bELAR _2rusmarc |
|
| 852 |
_aNLR _j76-4/20374 |
||
| 942 | _cBOOK | ||
| 980 | _aNB | ||